Statistics for Massive List of Colors

Click here to take the quiz!

General Stats

  • This quiz has been taken 1,354 times
  • The average score is 72 of 295

Answer Stats

HintColor% Correct
Blue
97%
Blue
97%
Red
96%
Red
96%
Black
95%
Green
95%
Orange
95%
Yellow
95%
Yellow
95%
White
93%
Purple
91%
Pink
89%
Gold
86%
Brown
85%
Silver
84%
Violet
83%
Violet
83%
Gray
81%
Gray
81%
Indigo
73%
Indigo
73%
Tan
73%
Beige
69%
Lime
69%
Magenta
67%
Magenta
67%
Turquoise
67%
Maroon
66%
Teal
66%
Rose
65%
Peach
63%
Peach
63%
Lavender
59%
Lemon
59%
Aqua
58%
Emerald
58%
Bronze
56%
Copper
56%
Copper
56%
Ruby
55%
Cyan
54%
Cyan
54%
Lilac
53%
Scarlet
53%
Scarlet
53%
Crimson
52%
Mauve
52%
Olive
52%
Cream
48%
Sapphire
47%
Straw
47%
Salmon
44%
Grape
42%
Plum
42%
Sienna
42%
Aquamarine
41%
Ivory
41%
Pear
41%
Periwinkle
41%
Strawberry
41%
Cherry
39%
Jade
39%
Amber
38%
Apricot
38%
Fuchsia
38%
Fuchsia
38%
Sand
38%
Topaz
38%
Burgundy
37%
Mint
37%
Eggplant
36%
Amethyst
35%
Blueberry
35%
Chartreuse
35%
Chocolate
35%
Melon
35%
Raspberry
35%
Tangerine
35%
Azure
34%
Taupe
34%
Coral
33%
Cerulean
32%
Coffee
32%
Corn
32%
Charcoal
31%
Diamond
31%
Ebony
31%
Ochre
31%
Rust
31%
Cobalt
30%
Auburn
29%
Eggshell
28%
Mustard
28%
Pearl
28%
Umber
28%
Khaki
27%
Platinum
27%
Wine
27%
Mahogany
26%
Orchid
26%
Blond
25%
Ecru
25%
Puce
25%
Tomato
25%
Ultramarine
24%
Blush
23%
Goldenrod
23%
Onyx
23%
Almond
22%
Brass
22%
Cerise
22%
Chestnut
22%
Jet
22%
Sepia
22%
Snow
22%
Sunset
22%
Dandelion
21%
Vermilion
21%
Avocado
20%
Coconut
20%
Pumpkin
20%
Russet
20%
Sage
20%
Champagne
19%
Denim
19%
Saffron
19%
Tulip
19%
Camel
18%
Ginger
18%
Iris
18%
Vanilla
18%
Wheat
18%
Cinnamon
17%
Coal
17%
Daffodil
17%
Flame
17%
Magnolia
17%
Fawn
16%
Linen
16%
Mulberry
16%
Peridot
16%
Quartz
16%
Smoke
16%
Cardinal
15%
Carmine
15%
Carmine
15%
Dirt
15%
Jasmine
15%
Jasper
15%
Maize
15%
Persimmon
15%
Liver
14%
Liver
14%
Pistachio
14%
Bone
13%
Lava
13%
Thistle
13%
Timberwolf
13%
Iceberg
12%
Lion
12%
Amaranth
11%
Asparagus
11%
Beaver
11%
Licorice
11%
Malachite
11%
Redwood
11%
Shadow
11%
Tuscan
11%
Verdigris
11%
Viridian
11%
Citrine
10%
Citron
10%
Deer
10%
Desert
10%
Honeydew
10%
Wisteria
10%
Ao
9%
Artichoke
9%
Bisque
9%
Bubbles
9%
Byzantine
9%
Firebrick
9%
Flax
9%
Peru
9%
Prune
9%
Rosewood
9%
Xanadu
9%
Aero
8%
Bittersweet
8%
Buff
8%
Cadet
8%
Heliotrope
8%
Seashell
8%
Soap
8%
Stormcloud
8%
Sunray
8%
Tuscany
8%
Boysenberry
7%
Claret
7%
Cornsilk
7%
Inchworm
7%
Isabelline
7%
Kobe
7%
Kobi
7%
Moccasin
7%
Shampoo
7%
Sunglow
7%
Amazon
6%
Bistre
6%
Celadon
6%
Celeste
6%
Cinereous
6%
Cinnabar
6%
Flattery
6%
Glitter
6%
Liberty
6%
Manatee
6%
Phlox
6%
Regalia
6%
Ruddy
6%
Rufous
6%
Tumbleweed
6%
Zaffre
6%
Byzantium
5%
Capri
5%
Chamoisee
5%
Drab
5%
Eminence
5%
Eucalyptus
5%
Fallow
5%
Gainsboro
5%
Grullo
5%
Independence
5%
Lust
5%
Mauvelous
5%
Mindaro
5%
Nyanza
5%
Olivine
5%
Popstar
5%
Purpureus
5%
Razzmatazz
5%
Rhythm
5%
Sangria
5%
Sinopia
5%
Stizza
5%
Ube
5%
Urobilin
5%
Wenge
5%
Zomp
5%
Arsenic
4%
AuroMetalSaurus
4%
Bazaar
4%
Bole
4%
Burlywood
4%
Carnelian
4%
Feldspar
4%
Flirt
4%
Folly
4%
Fulvous
4%
Gamboge
4%
Glaucous
4%
Harlequin
4%
Jonquil
4%
Limerick
4%
Livid
4%
Lumber
4%
Rajah
4%
Sandstorm
4%
Skobeloff
4%
Smitten
4%
Tangelo
4%
Telemagenta
4%
Veronica
4%
Aureolin
3%
Bluebonnet
3%
Catawba
3%
Coquelicot
3%
Cordovan
3%
Desire
3%
Fandango
3%
Feldgrau
3%
Icterine
3%
Imperial
3%
Irresistible
3%
Keppel
3%
Mantis
3%
Ceil
2%
Flavescent
2%
Patriarch
2%
Rackley
2%
Ruber
2%
Smalt
2%
Tenné
2%
Toolbox
2%
Waterspout
2%

Score Distribution

Percentile by Number Answered

Percent of People with Each Score

Your Score History

You have not taken this quiz